Một số văn bản pháp luật về thuyền viên làm việc trên tàu biển Việt Nam /
Gespeichert in:
| Körperschaft: | |
|---|---|
| Format: | Sách giấy |
| Sprache: | Vietnamese |
| Veröffentlicht: |
H. :
Giao thông Vận tải,
2007.
|
| Schlagworte: | |
| Tags: |
Tag hinzufügen
Keine Tags, Fügen Sie den ersten Tag hinzu!
|
| Thư viện lưu trữ: | Thư viện Trường Đại học Đà Lạt |
|---|
| LEADER | 00836nam a2200313 4500 | ||
|---|---|---|---|
| 001 | DLU100103407 | ||
| 005 | ##200100106 | ||
| 040 | # | # | |a DLU |b vie |
| 041 | # | # | |a vie |
| 044 | # | # | |a vn |
| 082 | # | # | |a 343.597 096 |b BOG |
| 110 | # | # | |a Bộ Giao thông Vận tải. |
| 245 | # | # | |a Một số văn bản pháp luật về thuyền viên làm việc trên tàu biển Việt Nam / |c Bộ Giao thông Vận tải. |
| 260 | # | # | |a H. : |b Giao thông Vận tải, |c 2007. |
| 300 | # | # | |a 231 tr. ; |c 21 cm. |
| 653 | # | # | |a Luật hàng hải |
| 653 | # | # | |a Văn bản pháp lý |
| 653 | # | # | |a Vận tải biển |
| 923 | # | # | |a 17/2009 |
| 991 | # | # | |a GT |
| 992 | # | # | |a 28600 |
| 994 | # | # | |a DLU |
| 900 | # | # | |a True |
| 911 | # | # | |a Đào Thị Thu Huyền |
| 925 | # | # | |a G |
| 926 | # | # | |a A |
| 927 | # | # | |a SH |
| 980 | # | # | |a Thư viện Trường Đại học Đà Lạt |